Úroveň kvality životného prostredia ako kritérium hodnotenia kvality sociálnoekonomického rozvoja

Salvato in:
Dettagli Bibliografici
Autore principale: Červeňová, Magdaléna, 1962-
Natura: Capitolo di libro
Lingua:slovacco
Tags: Aggiungi Tag
Nessun Tag, puoi essere il primo ad aggiungerne!!

MARC

LEADER 00000naa$a2200000$$$4500
001 0183014
005 20240502073129.4
041 0 |a slo 
044 |a SK 
245 1 0 |a Úroveň kvality životného prostredia ako kritérium hodnotenia kvality sociálnoekonomického rozvoja  |c Magdaléna Červeňová 
100 1 |a Červeňová, Magdaléna, 1962-